| 000 | 00000nam##2200000za#4500 |
| 001 | 9.626043 |
| 003 | CaOODSP |
| 005 | 20210615104313 |
| 007 | ta |
| 008 | 150406|2002||||xxc||||| f|0| 0 fre|d |
| 020 | |a0-662-87907-4 |
| 022 | |a1484-2815 |
| 040 | |aCaOODSP|bfre |
| 043 | |an-cn--- |
| 086 | 1 |aFo29-47/27-2002F |
| 110 | 1 |aCanada.|bRessources naturelles Canada. |bService canadien des forêts. |
| 245 | 10|aWRS-Canada - intégration du système de référence mondial (Worldwide Referencing System) de Landsat avec des données écologiques, géographiques et démographiques|cpar Mike Wulder, David Seemann et Brian Low. |
| 260 | |aVictoria - Colombie Britannique : |bRessources naturelles Canada. |c2002. |
| 300 | |a6p. : |bill., références ; |c28 cm. |
| 490 | 1 |aNotes de transfert technologique|x1484-2815|vN° 27, 2002 |
| 500 | |aISBN (0-662-87904-4) imprimé sur cette publication est incorrect. |
| 563 | |aDépliant |
| 590 | |a03-07|b2003-02-14 |
| 691 | 07|aArbre|2gcpds |
| 691 | 07|aForesterie|2gcpds |
| 720 | 1 |aWulder, Mike |
| 720 | 1 |aSeemann, David |
| 720 | 1 |aLow, Brian |
| 775 | 08|tWRS-Canada - integration of the Landsat WorldWide Referencing System with ecological, geographical and demographic data|w(CaOODSP)9.616132 |
| 776 | 0#|tWRS-Canada - intégration du système de référence mondial (Worldwide Referencing System) de Landsat avec des données écologiques, géographiques et démographiques|w(CaOODSP)9.604833 |
| 830 | #0|aNotes de transfert technologique,|x1484-2815|vN° 27, 2002|w(CaOODSP)9.513024 |